000 01007nam a22002897a 4500
003 DO-SdBNP
005 20240917132444.0
008 171031b2009 ck 00| 0 spa d
020 _a9787974795983
040 _aBPMSU
_bspa
_cBPMSU
082 4 _a370.114
_bG423v 2009
_222
100 1 _aGhiglioni, Marta
245 1 0 _aLos valores de los pequeños /
_ctextos formativos y literarios Franco Vaccarini ; adaptación Marta Ghiglioni
246 1 4 _aLos valores de los pequeños :
_bactitudes que atesoran una mejor convivencia para los niños
_5
260 _aMontevideo República de Uruguay :
_bArqueotipo Grupo Editorial,
_c2009
300 _a200 p. :
_bil.;
_c28 cm.
505 0 _gv.1.
_tComo es?
505 0 _gv.2.
_tComo funciona?
590 _aInventariado, 2024/VM
650 4 _aEducación de niños
650 4 _aCambio social
650 4 _aEducación en el hogar
650 4 _aValores sociales
700 1 _aVaccarini, Franco
910 _aVMateo V. Control de calidad. NPMSU
942 _2ddc
_cBK
999 _c14816
_d14816